| 000 | 01022cab a2200289 4500 | ||
|---|---|---|---|
| 001 | WB3245-18 | ||
| 008 | 090401t1996 xxu||||| |||| 00| 0 eng d | ||
| 035 | _a(Sirsi) u60288 | ||
| 041 | _aeng | ||
| 245 | _aUrban areas key to household growth | ||
| 260 | _c1996 | ||
| 350 | _a0 | ||
| 490 |
_aDoE News Release _v(507) 25 November 1996, |
||
| 490 |
_aTimes _v26 November 1996, 4 |
||
| 490 |
_aFinancial Times _v26 November 1996, 14 |
||
| 520 | _aDoE discussion paper "Household growth: where shall we live" suggests using existing urban areas and making towns more attractive places to live to meet the expected demand of about 4.4m more households in England by 2016. Map shows projected rates of urban growth 1991-2016. Summarises discussion paper. | ||
| 650 | _aDERELICT LAND | ||
| 650 | _aGREEN BELT LAND | ||
| 650 | _aHOUSEHOLD PROJECTIONS | ||
| 650 | _aINNER CITIES | ||
| 650 | _aP1 | ||
| 650 | _aURBAN AREAS | ||
| 650 | _aURBAN GROWTH | ||
| 690 | _aHOUSING | ||
| 942 | _n0 | ||
| 948 | _c04/03/1997 | ||
| 999 |
_c37153 _d37153 |
||